<?xml version="1.0" encoding="UTF-8"?>
<record
    xmlns:xsi="http://www.w3.org/2001/XMLSchema-instance"
    xsi:schemaLocation="http://www.loc.gov/MARC21/slim http://www.loc.gov/standards/marcxml/schema/MARC21slim.xsd"
    xmlns="http://www.loc.gov/MARC21/slim">

  <leader>01040nam a22001937a 4500</leader>
  <controlfield tag="005">20240822115519.0</controlfield>
  <datafield tag="010" ind1=" " ind2=" ">
    <subfield code="a">HIN-128284</subfield>
  </datafield>
  <datafield tag="020" ind1=" " ind2=" ">
    <subfield code="a">9789390607976</subfield>
    <subfield code="c">350.00</subfield>
  </datafield>
  <datafield tag="035" ind1=" " ind2=" ">
    <subfield code="a">HN-100630</subfield>
  </datafield>
  <datafield tag="037" ind1=" " ind2=" ">
    <subfield code="b">DBAD</subfield>
  </datafield>
  <datafield tag="082" ind1=" " ind2=" ">
    <subfield code="a">371.334</subfield>
    <subfield code="2">1</subfield>
  </datafield>
  <datafield tag="100" ind1=" " ind2=" ">
    <subfield code="a">&#x928;&#x94D;&#x92F;&#x942;&#x92A;&#x94B;&#x930;&#x94D;&#x91F;, &#x915;&#x948;&#x932;</subfield>
    <subfield code="9">70407</subfield>
  </datafield>
  <datafield tag="245" ind1=" " ind2=" ">
    <subfield code="a">&#x921;&#x93F;&#x91C;&#x93F;&#x91F;&#x932; &#x92E;&#x93F;&#x928;&#x93F;&#x92E;&#x932;&#x93F;&#x91C;&#x92E;:</subfield>
    <subfield code="b">&#x936;&#x94B;&#x930;&#x917;&#x941;&#x932;&#x92D;&#x930;&#x940; &#x926;&#x941;&#x928;&#x93F;&#x92F;&#x93E; &#x92E;&#x947;&#x902; &#x90F;&#x915;&#x93E;&#x917;&#x94D;&#x930; &#x91C;&#x940;&#x935;&#x928; &#x915;&#x93E; &#x91A;&#x941;&#x928;&#x93E;&#x935;/</subfield>
    <subfield code="c">&#x932;&#x947;&#x916;&#x915; &#x928;&#x94D;&#x92F;&#x942;&#x92A;&#x94B;&#x930;&#x94D;&#x91F; &#x915;&#x948;&#x932; &#x914;&#x930; &#x905;&#x92D;&#x93F;&#x937;&#x947;&#x915; &#x936;&#x941;&#x915;&#x94D;&#x932;&#x93E; &#x926;&#x94D;&#x935;&#x93E;&#x930;&#x93E; &#x905;&#x928;&#x941;&#x935;&#x93E;&#x926;&#x93F;&#x924; </subfield>
  </datafield>
  <datafield tag="260" ind1=" " ind2=" ">
    <subfield code="b">&#x935;&#x93E;&#x901;&#x935; &#x92A;&#x92C;&#x94D;&#x932;&#x93F;&#x936;&#x93F;&#x902;&#x917; &#x92A;&#x94D;&#x930;&#x93E;. &#x932;&#x93F;. </subfield>
    <subfield code="a">&#x92A;&#x941;&#x923;&#x947;</subfield>
    <subfield code="c">2024</subfield>
  </datafield>
  <datafield tag="270" ind1=" " ind2=" ">
    <subfield code="a">&#x935;&#x93E;&#x901;&#x935; &#x92A;&#x92C;&#x94D;&#x932;&#x93F;&#x936;&#x93F;&#x902;&#x917; &#x92A;&#x94D;&#x930;&#x93E;. &#x932;&#x93F;. </subfield>
    <subfield code="b">&#x92A;&#x941;&#x923;&#x947;</subfield>
  </datafield>
  <datafield tag="300" ind1=" " ind2=" ">
    <subfield code="a">242&#x92A;&#x943;.;</subfield>
    <subfield code="c">22 &#x938;&#x947;&#x92E;&#x940; (&#x905;&#x91C;&#x93F;&#x932;&#x94D;&#x926;)</subfield>
  </datafield>
  <datafield tag="700" ind1=" " ind2=" ">
    <subfield code="a">&#x905;&#x928;&#x941;&#x935;&#x93E;&#x926;&#x915; &#x905;&#x92D;&#x93F;&#x937;&#x947;&#x915; &#x936;&#x941;&#x915;&#x94D;&#x932;&#x93E; </subfield>
    <subfield code="9">70402</subfield>
  </datafield>
  <datafield tag="942" ind1=" " ind2=" ">
    <subfield code="a">DPL</subfield>
    <subfield code="c">HN</subfield>
    <subfield code="2">ddc</subfield>
    <subfield code="h">371.334</subfield>
    <subfield code="m"> &#x928;&#x94D;&#x92F;&#x942;&#x92A;&#x94B;&#x930;&#x94D;&#x91F;</subfield>
  </datafield>
  <datafield tag="999" ind1=" " ind2=" ">
    <subfield code="c">205186</subfield>
    <subfield code="d">205186</subfield>
  </datafield>
  <datafield tag="952" ind1=" " ind2=" ">
    <subfield code="0">0</subfield>
    <subfield code="1">0</subfield>
    <subfield code="4">0</subfield>
    <subfield code="7">0</subfield>
    <subfield code="8">NFIC</subfield>
    <subfield code="a">BL1</subfield>
    <subfield code="b">BL1</subfield>
    <subfield code="d">2024-08-22</subfield>
    <subfield code="e">DBAD</subfield>
    <subfield code="g">350.00</subfield>
    <subfield code="l">0</subfield>
    <subfield code="o">371.334  &#x928;&#x94D;&#x92F;&#x942;&#x92A;&#x94B;&#x930;&#x94D;&#x91F;</subfield>
    <subfield code="p">HN-100630</subfield>
    <subfield code="r">2024-08-22 00:00:00</subfield>
    <subfield code="t">1</subfield>
    <subfield code="v">350.00</subfield>
    <subfield code="w">2024-08-22</subfield>
    <subfield code="y">HN</subfield>
  </datafield>
</record>
